South American Physical Geography - Statistics

General Stats
  • This quiz has been taken 18,388 times
  • The average score is 12 of 20
Answer Stats
Hint Answer % Correct
Longest rivers Amazon
98%
Longest mountain range Andes
97%
Archipelago 560 miles west of Ecuador Galápagos
80%
Sea north of Venezuela and Colombia Caribbean Sea
79%
Archipelago at the southern tip of the continent Tierra del {Fuego}
79%
Highest waterfall Angel Falls
77%
Archipelago 300 miles east of southern Argentina Falkland Islands
75%
Region comprised of southern Argentina and Chile Patagonia
68%
Driest desert Atacama
64%
Southernmost point of the above Cape {Horn}
56%
Fertile grassland area of Uruguay, Argentina, and southern Brazil The Pampas
51%
Major beaches of Rio de Janeiro Copacabana
48%
Strait connecting the Atlantic and Pacific Strait of {Magellan}
48%
Longest rivers Paraná
45%
Major beaches of Rio de Janeiro Ipanema
43%
Highest mountain Aconcagua
39%
Biggest waterfall by flow rate Iguazú Falls
37%
Rio de Janeiro peak that resembles a gumdrop Sugarloaf
37%
Large lagoon of Venezuela Lake {Maracaibo}
27%
Term for a mesa of Venezuela Tepui
8%
No matching quizzes found
Score Distribution
Percent of People with Each Score
Percentile by Number Answered
Your Score History
You have not taken this quiz